Trials on tractor front mounted paddy harvester (Record no. 15060)
[ view plain ]
| 000 -LEADER | |
|---|---|
| fixed length control field | 00737nam a22001817a 4500 |
| 003 - CONTROL NUMBER IDENTIFIER | |
| control field | OSt |
| 088 ## - REPORT NUMBER | |
| Report number | P 10 |
| 100 ## - MAIN ENTRY--AUTHOR NAME | |
| Personal name | AHAMMED KABEER T |
| -- | ANAS K. ASSAINAR |
| -- | SHIVAJI K. P |
| -- | SUNIL B |
| 245 ## - TITLE STATEMENT | |
| Title | Trials on tractor front mounted paddy harvester |
| 260 ## - PUBLICATION, DISTRIBUTION, ETC. (IMPRINT) | |
| Place of publication | Tavanur 1992 |
| Name of publisher | Department of Farm Power Machinery and Energy |
| 300 ## - PHYSICAL DESCRIPTION | |
| Number of Pages | 60 |
| 500 ## - GENERAL NOTE | |
| General note | Trials on tractor front mounted paddy harvester |
| 520 ## - SUMMARY, ETC. | |
| Summary, etc | prototype unit of the tractor, bharath industrial corporation punjab. front mounted attachment . crop row dividers, star wheel cutter bar assembly |
| 700 ## - ADDED ENTRY--PERSONAL NAME | |
| Personal name | Dr. M Sivaswami (Guide) |
| 856 ## - ELECTRONIC LOCATION AND ACCESS | |
| Uniform Resource Identifier | https://drive.google.com/open?id=1D0lOgHFUHa2IZ1iouyzt0KXt7E8uOL0R |
| 942 ## - ADDED ENTRY ELEMENTS (KOHA) | |
| Koha item type | Project Report |
| Collection code | Home library | Current library | Shelving location | Full call number | Accession Number | Koha item type |
|---|---|---|---|---|---|---|
| Reference | KAUAET | KAUAET | Reference | 631.3 AHA/TR | P10 | Project Report |
